000
00251nam a2200097Ia 4500
001
1250598
005
20251031150859.0
008
251031s9999 xx 000 0 und d
245
0
_c
HASAN MİRABİDİN
_a
B-5 İRAN ÖYKÜLERİ
260
_b
ERDEM YAYINLARI
999
_c
1250598
_d
1250598